Peperiksaan Pelukis Pelan III (Kerja Amali) 1982- : Perkhidmatan Ketiga

Bibliographic Details
Format: Book
Subjects:

MARC

LEADER 00000cam a2200000 7i4500
001 0000006963
005 20000214.0
040 |a INS 
090 0 0 |a PP5 
245 0 0 |a Peperiksaan Pelukis Pelan III (Kerja Amali) 1982- :   |b Perkhidmatan Ketiga 
650 0 0 |a Peperiksaan Pelukis Pelan/Penyurih 
999 |a PP00000029   |b BOOK   |c Course Notes   |e Default branch